Normal view
MARC view
- تأليف: ظاهر، احمد حسن/ م.مشارك: يوسف مصطفى سعادة
Entry Personal Name
001 - CONTROL NUMBER
- control field: 29576
003 - CONTROL NUMBER IDENTIFIER
- control field: JO-AjAnu
005 - DATE AND TIME OF LATEST TRANSACTION
- control field: 20230606075011.0
008 - FIXED-LENGTH DATA ELEMENTS
- fixed length control field: 230606|| aca||aabn | a|a d
040 ## - CATALOGING SOURCE
- Original cataloging agency: JO-AjAnu
- Transcribing agency: JO-AjAnu
100 ## - HEADING--PERSONAL NAME
- Personal name: تأليف: ظاهر، احمد حسن/ م.مشارك: يوسف مصطفى سعادة
670 ## - SOURCE DATA FOUND
- Source citation: Work cat.: (JO-AjAnu)15187: تأليف: ظاهر، احمد حسن/ م.مشارك: يوسف مصطفى سعادة, author, محاسبة المنشآت المالية